000 00451nam a2200145 a 4500
005 20140414093849.0
008 110817s19uu xx uuu eng d
020 _a9780521739924
050 _aCD 428
_bUIC 2011
245 _aEnglish unlimited :
_bB2 upper intermediate class audio CDs /
_cAlex Tilbury & Leslie Anne Hendra.
260 _aUnited Kingdom :
_bCambridge University Press,
_c2011.
650 _aEnglish
942 _cAVM
999 _c109792
_d109792